000 00741nam a2200205 i 4500
001 bg
100 1 _aBUDNA, Ewa
245 1 0 _aLeśnictwo 1997 =
_bForestry 1997 /
_c[aut. oprac. Ewa Budna, Ludmiła Grzybowska].
260 _aWarszawa :
_bGłówny Urząd Statystyczny,
_c1997.
300 _a265 s. :
_b1 mapa, rys., wykr. ;
_c29 cm.
490 1 _aInformacje i Opracowania Statystyczne. Rolnictwo. Leśnictwo. Środowisko
650 9 _aLeśnictwo
_zPolska
_yod 1989 r.
700 1 _aGRZYBOWSKA, Ludmiła
830 0 _aInformacje i Opracowania Statystyczne.
_pRolnictwo. Leśnictwo. Środowisko
040 _cBPK
041 0 _apl
080 _a630(438)"1989/...":311.3(083.41)
942 _cKS
008 s pl f |000 0 pol
999 _c25363
_d25363
856 _uhttp://koha.tu.koszalin.pl/cgi-bin/koha/opac-detail.pl?biblionumber=25363
_yKatalog online BPK